000 00324nam a2200133Ia 4500
005 20251222144923.0
008 251222s9999||||xx |||||||||||||| ||spa||
020 _a84-227-0585-9
082 _a372.21/A62
100 _aAntinori, Fabrizia
245 0 _a¿Guardería o Comunidad Educadora?
264 _bNarcea
942 _cLIB
999 _c22783
_d22783